000 01197nam a2200289 i 4500
001 bg
111 2 _aSympozjum Wymiany Ciepła i Masy
_n(13 ;
_d2007 ;
_cKoszalin / Darłówko).
245 1 0 _aXIII Sympozjum Wymiany Ciepła i Masy :
_bKoszalin - Darłówko, 03-06 września 2007.
_nT. 1 /
_c[red. Henryk Charun] ; Komitet Termodynamiki i Spalania Polskiej Akademii Nauk, Katedra Techniki Cieplnej i Chłodnictwa Politechniki Koszalińskiej.
246 3 0 _aSympozjum Wymiany Ciepła i Masy, 13
260 _aKoszalin :
_bWydawnictwo Uczelniane Politechniki Koszalińskiej,
_c2007.
300 _a556 s. :
_bil. ;
_c25 cm.
504 _aBibliogr. przy ref.
546 _aTekst częśc. ang. Streszcz. ang., pol. przy ref. Spis treści także ang.
650 9 _aTermodynamika
655 _aMateriały konferencyjne
700 1 _aCharun, Henryk.
_eRed.
015 _aPB 22816/2007
020 _a9788373651289
040 _cBPK
041 0 _apol
_aeng
_beng
_bpol
044 _aPOL
080 _a536(06)
920 _a978-83-7365-128-9
942 _cKS
008 071024s2007 pl a f |100 0 pol
999 _c54307
_d54307
856 _uhttp://koha.tu.koszalin.pl/cgi-bin/koha/opac-detail.pl?biblionumber=54307
_yKatalog online BPK